| 000 | 00382nam a2200133 a 4500 | ||
|---|---|---|---|
| 005 | 20140428133845.0 | ||
| 008 | 100915s19uu xx 00 eng d | ||
| 050 |
_aPL 5539 _b.P118 2001 |
||
| 100 | _aPacis, Carla | ||
| 245 |
_aO.C.W : _ba young boy's search for his mother. |
||
| 260 |
_aManila, Philippines : _bCacho Publishing House, _c1999. |
||
| 942 |
_2lcc _cBK |
||
| 999 |
_c115539 _d115539 |
||